Vplyv veľkosti medzery na vlastnosti spájkovaného spoja
Saved in:
| Main Author: | |
|---|---|
| Other Authors: | |
| Format: | Manuscript Book |
| Language: | Slovak |
| Published: |
2018
|
| Subjects: | |
| Online Access: | http://is.stuba.sk/zp/portal_zp.pl?podrobnosti=123554 |
| Tags: |
No Tags, Be the first to tag this record!
|
MARC
| LEADER | 00000ntm a22000003a 4500 | ||
|---|---|---|---|
| 001 | stuzp68594 | ||
| 003 | SK-STU | ||
| 005 | 20180820160507.0 | ||
| 007 | ta | ||
| 008 | 150427s2015----xo-----f-mn---000-0-slo-d | ||
| 040 | |a STU |b slo | ||
| 041 | 0 | |a slo | |
| 100 | 1 | |a Bodnárik, Maroš |u 061000 |4 aut |U MTF Materiálovotechnologická fakulta |T MTF Ústav materiálov |X 80205 |U M1000 |Y 81 |7 80205 | |
| 242 | 0 | 1 | |a Influence of the gap on the properties of soldered joint |y eng |
| 245 | 1 | 0 | |a Vplyv veľkosti medzery na vlastnosti spájkovaného spoja |
| 260 | |c 2018 | ||
| 650 | 4 | |a spájkovanie |2 slo | |
| 650 | 4 | |a spájkované spoje |2 slo | |
| 650 | 4 | |a mikroštruktúra |2 slo | |
| 650 | 4 | |a pevnosť |2 slo | |
| 650 | 4 | |a soldering |2 eng | |
| 650 | 4 | |a soldered joints |2 eng | |
| 650 | 4 | |a microstructure |2 eng | |
| 650 | 4 | |a tensile strength |2 eng | |
| 700 | 1 | |a Drienovský, Marián |u 061000 |k Z2 |4 ths |U MTF Materiálovotechnologická fakulta |T MTF Ústav materiálov |X 34542 |U M1000 |Y 81 |7 A000034542 | |
| 856 | 4 | |u http://is.stuba.sk/zp/portal_zp.pl?podrobnosti=123554 | |
| 996 | |c M* BP-8262 |l MMSKP |s P |a 0 |w stuzp68594_0001 | ||